Метрологическое обеспечение умных скважин для эффективной добычи нефти; Теплофизические основы энергетических технологий

التفاصيل البيبلوغرافية
Parent link:Теплофизические основы энергетических технологий.— 2012.— [С. 198-201]
المؤلف الرئيسي: Красильникова В. О.
الملخص:Заглавие с экрана
اللغة:الروسية
منشور في: 2012
الموضوعات:
الوصول للمادة أونلاين:http://www.lib.tpu.ru/fulltext/c/2012/C02/049.pdf
التنسيق: الكتروني فصل الكتاب
KOHA link:https://koha.lib.tpu.ru/cgi-bin/koha/opac-detail.pl?biblionumber=230635

MARC

LEADER 00000nla2a2200000 4500
001 230635
005 20231031202552.0
035 |a (RuTPU)RU\TPU\book\251535 
035 |a RU\TPU\book\251525 
090 |a 230635 
100 |a 20130123d2012 k y0rusy50 ca 
101 0 |a rus 
102 |a RU 
105 |a y z 100zy 
135 |a drnn ---uucaa 
181 0 |a i  
182 0 |a b 
200 1 |a Метрологическое обеспечение умных скважин для эффективной добычи нефти  |b Электронный ресурс  |f В. О. Красильникова 
203 |a Текст  |c электронный 
215 |a 1 файл (380 Кб) 
230 |a Электронные текстовые данные (1 файл : 380 Кб) 
300 |a Заглавие с экрана 
320 |a [Библиогр.: с. 201 (3 назв.)] 
337 |a Adobe Reader 
463 1 |0 (RuTPU)RU\TPU\book\250691  |t Теплофизические основы энергетических технологий  |o сборник научных трудов III Всероссийской научно-практической конференции с международным участием, 4-6 октября 2011 г., Томск  |f Национальный исследовательский Томский политехнический университет (ТПУ) ; ред. коллегия: Г. В. Кузнецов [и др.]  |v [С. 198-201]  |d 2012 
610 1 |a электронный ресурс 
610 1 |a труды учёных ТПУ 
610 1 |a скважины 
610 1 |a добыча 
610 1 |a нефть 
610 1 |a метрологическое обеспечение 
700 1 |a Красильникова  |b В. О. 
801 1 |a RU  |b 63413507  |c 20101016 
801 2 |a RU  |b 63413507  |c 20150321  |g RCR 
856 4 |u http://www.lib.tpu.ru/fulltext/c/2012/C02/049.pdf 
942 |c CF